000 00459nam a2200169Ia 4500
001 16078
003 IN-NITTTR
005 20251114233151.0
008 251113s9999||||xx |||||||||||||| ||eng||
040 _beng
040 _cIN-NITTTR
041 _aeng
082 _a519.4 P117H
100 _aPachner, Jaroslav
245 0 _aHandbook of numerical analysis applications :
_b with programs for engineers and scientists. /
_cPachner, Jaroslav
942 _2ddc
_cBK
999 _c18712
_d18712